000 00670nam a2200277Ia 4500
005 20260324143242.0
008 008 260324s9999 xx 000 0 eng d
020 _a9781315489858
037 _aEBOOK
040 _aCRL
040 _beng
040 _cCRL
041 _2eng
041 _aeng
084 _qCRL
100 _aWarren J. Samuels; Lily Xiao Hong Lee
_91214963
245 4 _aThe Heterodox Economics of Gardiner C. Means
260 _bTaylor and Francis
260 _c1992
365 _a
365 _b280
856 _uhttp://www.taylorfrancis.com/books/9781315489858
942 _cEBOOK
999 _c1820113
_d1820113